000
002190000a22000970004500
100
1
_a
Claydon, Robyn
245
1
0
_a
Women's network
300
_a
Núm 79 (1997), Páginas 16
773
0
_t
World Evangelization
942
_c
ANA
999
_c
57514
_d
57514